[Event "Marianske Lazne 2023"]
[Site "?"]
[Date "2023.01.18"]
[Round "6.7"]
[White "Krejci, Jan"]
[Black "Ricken, Katharina"]
[Result "1/2-1/2"]
[BlackElo "2177"]
[WhiteElo "2522"]
[LiveChessVersion "1.4.8"]

1. Nf3 {[%clk 1:29:59]} c5 {[%clk 1:30:55]} 2. e4 {[%clk 1:30:23]} Nc6
{[%clk 1:31:21]} 3. Bb5 {[%clk 1:30:25]} Nf6 {[%clk 1:31:46]} 4. Bxc6
{[%clk 1:27:21]} dxc6 {[%clk 1:32:11]} 5. d3 {[%clk 1:26:36]} g6 {[%clk 1:32:19]}
6. O-O {[%clk 1:24:22]} Bg7 {[%clk 1:32:43]} 7. Nbd2 {[%clk 1:21:26]} Nd7
{[%clk 1:31:34]} 8. Nc4 {[%clk 1:16:42]} Qc7 {[%clk 1:30:39]} 9. a4
{[%clk 1:10:48]} a5 {[%clk 1:27:21]} 10. Bd2 {[%clk 1:05:28]} b6 {[%clk 1:27:13]}
11. Qc1 {[%clk 1:05:25]} O-O {[%clk 1:27:00]} 12. Bh6 {[%clk 1:05:25]} e5
{[%clk 1:27:00]} 13. Bxg7 {[%clk 1:04:36]} Kxg7 {[%clk 1:27:00]} 14. Nh4 f6 15.
g3 {[%clk 0:53:38]} Rf7 {[%clk 1:18:05]} 16. b3 {[%clk 0:51:16]} Nf8
{[%clk 1:17:29]} 17. f4 {[%clk 0:50:35]} exf4 {[%clk 1:17:03]} 18. Qxf4
{[%clk 0:43:56]} Qxf4 {[%clk 1:16:49]} 19. Rxf4 {[%clk 0:43:35]} Nd7
{[%clk 1:01:01]} 20. Raf1 {[%clk 0:36:57]} Re7 {[%clk 0:50:32]} 21. Ng2
{[%clk 0:34:08]} Ba6 {[%clk 0:47:55]} 22. Nd2 {[%clk 0:34:33]} Rf8
{[%clk 0:46:46]} 23. g4 {[%clk 0:34:33]} g5 {[%clk 0:44:34]} 24. R4f2
{[%clk 0:34:26]} Ne5 {[%clk 0:44:39]} 25. Ne3 {[%clk 0:34:49]} Bc8
{[%clk 0:44:06]} 26. h3 {[%clk 0:31:30]} Be6 {[%clk 0:43:51]} 27. Nf3
{[%clk 0:31:29]} Ng6 {[%clk 0:40:32]} 28. Kh2 {[%clk 0:31:16]} h6
{[%clk 0:35:58]} 29. Kg3 {[%clk 0:27:12]} Nf4 {[%clk 0:33:27]} 30. Ng2
{[%clk 0:26:18]} Ng6 {[%clk 0:31:46]} 31. Ng1 {[%clk 0:26:42]} Ne5
{[%clk 0:31:14]} 32. Ne2 {[%clk 0:25:50]} Kg6 {[%clk 0:29:05]} 33. Ne3
{[%clk 0:25:13]} Rd7 {[%clk 0:28:28]} 34. Kg2 {[%clk 0:23:42]} Kg7
{[%clk 0:27:17]} 35. Ng3 {[%clk 0:24:00]} Kg6 {[%clk 0:26:44]} 36. Nh5
{[%clk 0:24:22]} Rdf7 {[%clk 0:26:46]} 37. Kg3 {[%clk 0:24:18]} Nd7
{[%clk 0:26:21]} 38. Ng2 {[%clk 0:23:00]} Re8 {[%clk 0:25:05]} 39. Ne3
{[%clk 0:23:06]} Ref8 {[%clk 0:25:18]} 40. Kf3 {[%clk 0:23:06]} Ne5+
{[%clk 0:24:37]} 41. Ke2 {[%clk 0:22:19]} Nd7 {[%clk 0:25:03]} 42. Kd2
{[%clk 0:22:08]} Rd8 {[%clk 0:23:56]} 43. Kc3 {[%clk 0:21:29]} Rdf8
{[%clk 0:23:35]} 44. Nf5 {[%clk 0:19:40]} Rd8 {[%clk 0:19:25]} 45. Nd6
{[%clk 0:19:26]} Rff8 {[%clk 0:19:35]} 46. Kd2 {[%clk 0:12:36]} Rb8
{[%clk 0:19:32]} 47. Ke3 {[%clk 0:12:33]} Rbd8 {[%clk 0:19:33]} 48. Nf5
{[%clk 0:12:20]} Bxf5 {[%clk 0:16:44]} 49. Rxf5 {[%clk 0:12:40]} Rde8
{[%clk 0:16:54]} 50. R5f2 {[%clk 0:10:19]} Re6 {[%clk 0:16:41]} 51. Ng3
{[%clk 0:07:46]} Ne5 {[%clk 0:14:50]} 52. Nf5 {[%clk 0:08:03]} Rh8
{[%clk 0:13:43]} 53. Rg2 {[%clk 0:08:10]} Ree8 {[%clk 0:09:15]} 54. c3
{[%clk 0:07:01]} Re6 {[%clk 0:07:40]} 55. h4 {[%clk 0:05:50]} Ree8
{[%clk 0:05:20]} 56. Rh1 {[%clk 0:03:39]} Nf7 {[%clk 0:01:29]} 57. hxg5
{[%clk 0:28:49]} Nxg5 {[%clk 0:28:32]} 58. Rgh2 {[%clk 0:27:57]} Nf7
{[%clk 0:28:57]} 59. Kf4 {[%clk 0:28:13]} Rd8 {[%clk 0:27:44]} 60. Ne7+
{[%clk 0:28:01]} Kg7 {[%clk 0:27:58]} 61. d4 {[%clk 0:27:16]} cxd4
{[%clk 0:25:11]} 62. cxd4 {[%clk 0:27:44]} c5 {[%clk 0:25:29]} 63. d5
{[%clk 0:27:13]} Rd7 {[%clk 0:24:30]} 64. Nf5+ {[%clk 0:27:18]} Kg6
{[%clk 0:24:52]} 65. Rh5 {[%clk 0:25:49]} Rh7 {[%clk 0:24:12]} 66. Ke3
{[%clk 0:24:59]} Rh8 {[%clk 0:24:09]} 67. Nh4+ {[%clk 0:24:08]} Kg7
{[%clk 0:24:27]} 68. Rf1 {[%clk 0:22:52]} Ng5 {[%clk 0:23:09]} 69. Kd3
{[%clk 0:22:12]} Nf7 {[%clk 0:21:46]} 70. Rf4 {[%clk 0:20:59]} Re8
{[%clk 0:21:23]} 71. Nf5+ {[%clk 0:20:14]} Kg6 {[%clk 0:21:42]} 72. Ne3
{[%clk 0:20:31]} Re5 {[%clk 0:21:13]} 73. Nc4 {[%clk 0:19:00]} Rg5
{[%clk 0:20:51]} 74. Rxg5+ {[%clk 0:17:29]} hxg5 {[%clk 0:21:04]} 75. Rf3
{[%clk 0:17:22]} Re7 {[%clk 0:20:35]} 76. Re3 {[%clk 0:17:18]} Kg7
{[%clk 0:20:17]} 77. Kc3 {[%clk 0:15:54]} Rb7 {[%clk 0:19:49]} 78. Rh3
{[%clk 0:15:52]} Rb8 {[%clk 0:19:09]} 79. Ne3 {[%clk 0:15:07]} Re8
{[%clk 0:18:59]} 80. Nf5+ {[%clk 0:15:27]} Kg8 {[%clk 0:19:06]} 81. Ng3
{[%clk 0:14:30]} Nd6 {[%clk 0:17:39]} 82. Kd3 {[%clk 0:14:14]} Nf7
{[%clk 0:18:08]} 83. Kc3 {[%clk 0:13:15]} Nd6 {[%clk 0:18:29]} 84. Kd3
{[%clk 0:11:58]} Nf7 {[%clk 0:18:58]} 85. Kc3 {[%clk 0:10:06]} 1/2-1/2

[Event "Marianske Lazne 2023"]
[Site "?"]
[Date "2023.01.18"]
[Round "6.8"]
[White "Sorm, Daniel"]
[Black "Haba, Petr"]
[Result "1/2-1/2"]
[BlackElo "2450"]
[WhiteElo "2302"]
[LiveChessVersion "1.4.8"]

1. d4 {[%clk 1:30:40]} d5 {[%clk 1:30:32]} 2. c4 {[%clk 1:30:40]} c6
{[%clk 1:30:50]} 3. Nf3 {[%clk 1:30:52]} Nf6 {[%clk 1:31:05]} 4. Nc3
{[%clk 1:30:44]} a6 {[%clk 1:30:45]} 5. Qc2 {[%clk 1:25:50]} dxc4
{[%clk 1:30:31]} 6. e4 {[%clk 1:25:34]} b5 {[%clk 1:30:48]} 7. Be2
{[%clk 1:18:25]} Bg4 {[%clk 1:30:27]} 8. O-O {[%clk 1:14:18]} e6 {[%clk 1:28:17]}
9. Rd1 {[%clk 1:11:17]} Be7 {[%clk 1:24:39]} 10. b3 {[%clk 0:49:00]} b4
{[%clk 1:22:00]} 11. Nb1 {[%clk 0:41:57]} c3 {[%clk 1:13:09]} 12. a3
{[%clk 0:41:05]} Nxe4 {[%clk 1:12:07]} 13. axb4 {[%clk 0:41:20]} Bxb4
{[%clk 1:11:57]} 14. Ba3 {[%clk 0:39:56]} Bxa3 {[%clk 1:00:31]} 15. Rxa3
{[%clk 0:35:19]} O-O {[%clk 0:59:11]} 16. Nxc3 {[%clk 0:34:05]} Nxc3
{[%clk 0:58:17]} 17. Qxc3 {[%clk 0:34:31]} Ra7 {[%clk 0:57:44]} 18. Ra4
{[%clk 0:27:29]} Rd7 {[%clk 0:53:27]} 19. Rc1 {[%clk 0:26:11]} Qf6
{[%clk 0:48:03]} 20. h3 {[%clk 0:17:52]} Bxf3 {[%clk 0:46:04]} 21. Qxf3
{[%clk 0:18:07]} Qxf3 {[%clk 0:34:57]} 22. Bxf3 {[%clk 0:18:18]} Rd6
{[%clk 0:35:23]} 23. Rcc4 {[%clk 0:13:54]} Rc8 {[%clk 0:29:55]} 24. Rcb4
{[%clk 0:12:00]} Kf8 {[%clk 0:29:09]} 25. Be2 {[%clk 0:11:19]} Ke7
{[%clk 0:23:32]} 1/2-1/2

[Event "Marianske Lazne 2023"]
[Site "?"]
[Date "2023.01.18"]
[Round "6.9"]
[White "Finek, Vaclav"]
[Black "Niedbala, Bartlomiej"]
[Result "1/2-1/2"]
[BlackElo "2390"]
[WhiteElo "2406"]
[LiveChessVersion "1.4.8"]

1. d4 {[%clk 1:30:59]} Nf6 {[%clk 1:29:38]} 2. Nf3 {[%clk 1:31:21]} e6
{[%clk 1:30:03]} 3. g3 {[%clk 1:31:48]} d5 {[%clk 1:30:28]} 4. Bg2
{[%clk 1:32:13]} Be7 {[%clk 1:30:55]} 5. O-O {[%clk 1:32:34]} O-O
{[%clk 1:31:22]} 6. c4 {[%clk 1:32:58]} dxc4 {[%clk 1:31:47]} 7. Qc2
{[%clk 1:33:25]} b5 {[%clk 1:32:13]} 8. a4 {[%clk 1:33:49]} b4 {[%clk 1:32:42]}
9. Nfd2 {[%clk 1:34:14]} Nd5 {[%clk 1:33:06]} 10. Nxc4 {[%clk 1:34:39]} c5
{[%clk 1:33:34]} 11. dxc5 {[%clk 1:34:56]} Bxc5 {[%clk 1:34:00]} 12. e4
{[%clk 1:35:00]} Nb6 {[%clk 1:34:17]} 13. Rd1 {[%clk 1:29:18]} N8d7
{[%clk 1:32:34]} 14. Ne5 {[%clk 1:14:57]} Qc7 {[%clk 0:40:22]} 15. Nd3
{[%clk 0:57:20]} b3 {[%clk 0:19:32]} 16. Qxb3 {[%clk 0:54:45]} Ba6
{[%clk 0:19:37]} 17. Na3 {[%clk 0:46:57]} e5 {[%clk 0:15:16]} 18. Nb4
{[%clk 0:37:16]} Be2 {[%clk 0:11:12]} 19. Re1 {[%clk 0:33:55]} Bg4
{[%clk 0:09:10]} 20. Bd2 {[%clk 0:29:05]} Qd6 {[%clk 0:07:38]} 21. Bc3
{[%clk 0:22:09]} Qf6 {[%clk 0:06:41]} 22. Nd3 {[%clk 0:21:08]} Rfd8
{[%clk 0:04:40]} 23. a5 {[%clk 0:18:08]} Be6 {[%clk 0:05:08]} 24. Qc2
{[%clk 0:16:54]} Nc4 {[%clk 0:04:54]} 25. Nxc4 {[%clk 0:16:02]} Bxc4
{[%clk 0:05:18]} 26. Rad1 {[%clk 0:10:56]} Qe6 {[%clk 0:05:18]} 27. Nxc5
{[%clk 0:09:49]} Nxc5 {[%clk 0:05:47]} 28. Rxd8+ {[%clk 0:09:04]} Rxd8
{[%clk 0:06:16]} 29. b4 {[%clk 0:06:29]} Nd3 {[%clk 0:05:25]} 30. Rb1
{[%clk 0:05:51]} a6 {[%clk 0:05:22]} 1/2-1/2

[Event "Marianske Lazne 2023"]
[Site "?"]
[Date "2023.01.18"]
[Round "6.10"]
[White "Pajeken, Jakob Leon"]
[Black "Leisch, Lukas"]
[Result "1-0"]
[BlackElo "2378"]
[WhiteElo "2449"]
[LiveChessVersion "1.4.8"]

1. e4 {[%clk 1:30:48]} e6 {[%clk 1:30:53]} 2. d4 {[%clk 1:31:16]} d5
{[%clk 1:31:16]} 3. Nc3 {[%clk 1:31:44]} h6 {[%clk 1:31:37]} 4. Bd3
{[%clk 1:28:21]} Nc6 {[%clk 1:31:53]} 5. Nf3 {[%clk 1:27:15]} Nb4
{[%clk 1:32:14]} 6. O-O {[%clk 1:21:20]} Nf6 {[%clk 1:29:00]} 7. e5
{[%clk 1:18:16]} Nxd3 {[%clk 1:29:13]} 8. Qxd3 {[%clk 1:15:26]} Nd7
{[%clk 1:28:34]} 9. Re1 {[%clk 1:13:00]} Be7 {[%clk 1:23:29]} 10. Ne2
{[%clk 1:10:53]} c5 {[%clk 1:19:36]} 11. Nf4 {[%clk 1:10:25]} Qb6
{[%clk 1:09:03]} 12. b3 {[%clk 1:06:07]} Qa6 {[%clk 0:53:00]} 13. Qe3
{[%clk 1:03:23]} b5 {[%clk 0:48:44]} 14. dxc5 {[%clk 0:59:02]} Bxc5
{[%clk 0:42:51]} 15. Nd4 {[%clk 0:59:24]} Qb6 {[%clk 0:42:52]} 16. Bb2
{[%clk 0:59:24]} O-O {[%clk 0:38:57]} 17. Rad1 {[%clk 0:56:56]} Ba6
{[%clk 0:32:39]} 18. Nh5 {[%clk 0:54:54]} Qd8 {[%clk 0:26:12]} 19. Qh3
{[%clk 0:53:32]} Kh7 {[%clk 0:23:44]} 20. Bc1 {[%clk 0:50:21]} Rh8
{[%clk 0:22:48]} 21. Re3 {[%clk 0:39:14]} g6 {[%clk 0:19:00]} 22. Nf4
{[%clk 0:32:27]} Qb6 {[%clk 0:11:58]} 23. Nxd5 {[%clk 0:30:19]} exd5
{[%clk 0:08:58]} 24. Qxd7 {[%clk 0:30:43]} Rhf8 {[%clk 0:08:55]} 25. Qg4
{[%clk 0:25:07]} Bc8 {[%clk 0:08:33]} 26. e6 {[%clk 0:22:02]} Bxd4
{[%clk 0:06:08]} 27. Rxd4 {[%clk 0:22:21]} Bxe6 {[%clk 0:06:34]} 28. Qf4
{[%clk 0:21:51]} Qb8 {[%clk 0:06:23]} 29. Re5 {[%clk 0:20:49]} g5
{[%clk 0:05:35]} 30. Qg3 {[%clk 0:20:43]} Qb6 {[%clk 0:04:04]} 31. Qd3+
{[%clk 0:19:58]} Kg7 {[%clk 0:04:18]} 32. Qe3 {[%clk 0:19:45]} Rfc8
{[%clk 0:02:59]} 33. Rxg5+ {[%clk 0:18:00]} hxg5 {[%clk 0:03:05]} 34. Qxg5+
{[%clk 0:18:28]} Kf8 {[%clk 0:03:28]} 35. Ba3+ {[%clk 0:18:45]} Rc5
{[%clk 0:01:49]} 36. Rh4 {[%clk 0:19:06]} Ke8 {[%clk 0:01:52]} 37. Bxc5
{[%clk 0:19:32]} Qxc5 {[%clk 0:01:40]} 38. Rh8+ {[%clk 0:19:58]} Kd7
{[%clk 0:01:12]} 39. Rxa8 {[%clk 0:20:21]} 1-0

[Event "Marianske Lazne 2023"]
[Site "?"]
[Date "2023.01.18"]
[Round "6.12"]
[White "Stinka, Jakub"]
[Black "Paszewski, Mateusz"]
[Result "1/2-1/2"]
[BlackElo "2303"]
[WhiteElo "2301"]
[LiveChessVersion "1.4.8"]

1. d4 {[%clk 1:30:57]} Nf6 {[%clk 1:30:32]} 2. c4 {[%clk 1:31:21]} e6
{[%clk 1:30:59]} 3. Nf3 {[%clk 1:31:25]} d5 {[%clk 1:31:22]} 4. Nc3
{[%clk 1:31:25]} dxc4 {[%clk 1:31:44]} 5. e4 {[%clk 1:31:34]} b5 {[%clk 1:32:07]}
6. e5 {[%clk 1:31:22]} Nd5 {[%clk 1:32:30]} 7. Nxb5 {[%clk 1:31:22]} Nb6
{[%clk 1:32:57]} 8. Be2 {[%clk 1:29:50]} Be7 {[%clk 1:33:05]} 9. O-O
{[%clk 1:28:18]} Nc6 {[%clk 1:33:28]} 10. Be3 {[%clk 1:26:43]} O-O
{[%clk 1:33:37]} 11. Qd2 {[%clk 1:21:44]} Bb7 {[%clk 1:30:46]} 12. Rfd1
{[%clk 1:15:06]} h6 {[%clk 1:12:02]} 13. b3 {[%clk 0:52:02]} a6 {[%clk 1:05:53]}
14. Nc3 {[%clk 0:52:16]} cxb3 {[%clk 1:06:13]} 15. axb3 {[%clk 0:52:32]} Nb4
{[%clk 1:05:23]} 16. Ne1 {[%clk 0:47:12]} Qd7 {[%clk 0:44:04]} 17. Nd3
{[%clk 0:41:21]} N6d5 {[%clk 0:38:30]} 18. Nc5 {[%clk 0:34:00]} Bxc5
{[%clk 0:36:56]} 19. dxc5 {[%clk 0:34:28]} Qe7 {[%clk 0:35:46]} 20. Nxd5
{[%clk 0:27:57]} Nxd5 {[%clk 0:36:03]} 21. Rdc1 {[%clk 0:18:03]} Nxe3
{[%clk 0:17:44]} 22. Qxe3 {[%clk 0:18:04]} Qd7 {[%clk 0:15:10]} 23. Qc3
{[%clk 0:16:28]} Bd5 {[%clk 0:15:05]} 24. c6 {[%clk 0:10:58]} Qe7
{[%clk 0:15:26]} 25. Bf3 {[%clk 0:08:16]} Rfd8 {[%clk 0:14:20]} 26. Rd1
{[%clk 0:08:16]} Bxf3 {[%clk 0:13:40]} 27. Qxf3 {[%clk 0:08:41]} Rxd1+
{[%clk 0:13:57]} 28. Rxd1 {[%clk 0:09:08]} Rd8 {[%clk 0:14:23]} 1/2-1/2

[Event "Marianske Lazne 2023"]
[Site "?"]
[Date "2023.01.18"]
[Round "6.13"]
[White "Krivenko, Dion"]
[Black "Jasny, Stanislav"]
[Result "1/2-1/2"]
[BlackElo "2245"]
[WhiteElo "2141"]
[LiveChessVersion "1.4.8"]

1. e4 {[%clk 1:30:56]} c5 {[%clk 1:30:38]} 2. Nf3 {[%clk 1:31:10]} d6
{[%clk 1:30:51]} 3. Bc4 {[%clk 1:31:24]} Nf6 {[%clk 1:30:33]} 4. d3
{[%clk 1:31:42]} e6 {[%clk 1:30:42]} 5. O-O {[%clk 1:31:09]} Be7 {[%clk 1:30:49]}
6. Re1 {[%clk 1:30:21]} O-O {[%clk 1:31:08]} 7. Bb3 {[%clk 1:30:41]} Nc6
{[%clk 1:28:32]} 8. c3 {[%clk 1:30:02]} b5 {[%clk 1:28:09]} 9. Nbd2
{[%clk 1:29:00]} b4 {[%clk 1:21:38]} 10. Nf1 {[%clk 1:19:19]} Ba6
{[%clk 1:16:02]} 11. Bc2 {[%clk 1:12:26]} bxc3 {[%clk 1:11:29]} 12. bxc3
{[%clk 1:12:45]} Qa5 {[%clk 1:11:38]} 13. Bd2 {[%clk 1:04:18]} Qc7
{[%clk 0:57:10]} 14. Ng3 {[%clk 1:01:34]} Ne5 {[%clk 0:55:36]} 15. Be3
{[%clk 0:47:14]} Rfd8 {[%clk 0:53:16]} 16. Ng5 {[%clk 0:42:25]} h6
{[%clk 0:47:12]} 17. Nh3 {[%clk 0:39:03]} c4 {[%clk 0:31:07]} 18. d4
{[%clk 0:37:08]} Nd3 {[%clk 0:31:29]} 19. Bxd3 {[%clk 0:30:27]} cxd3
{[%clk 0:30:43]} 20. Qd2 {[%clk 0:30:56]} Ng4 {[%clk 0:28:16]} 21. Nf4
{[%clk 0:24:27]} Nxe3 {[%clk 0:28:11]} 22. fxe3 {[%clk 0:24:41]} Rdc8
{[%clk 0:20:39]} 23. Rac1 {[%clk 0:23:40]} Qa5 {[%clk 0:17:49]} 24. Nxd3
{[%clk 0:21:38]} Bxd3 {[%clk 0:17:10]} 25. Qxd3 {[%clk 0:22:04]} Qxa2
{[%clk 0:17:13]} 26. c4 {[%clk 0:18:52]} Rab8 {[%clk 0:16:09]} 27. Re2
{[%clk 0:17:29]} Qb3 {[%clk 0:14:29]} 28. Qxb3 {[%clk 0:15:53]} Rxb3
{[%clk 0:14:53]} 29. Nf1 {[%clk 0:16:20]} a5 {[%clk 0:13:19]} 30. Ra2
{[%clk 0:16:05]} Bg5 {[%clk 0:11:17]} 31. Kf2 {[%clk 0:14:45]} Rb4
{[%clk 0:10:12]} 32. Rxa5 {[%clk 0:13:34]} Rbxc4 {[%clk 0:10:33]} 33. Rxc4
{[%clk 0:13:44]} Rxc4 {[%clk 0:10:56]} 1/2-1/2

[Event "Marianske Lazne 2023"]
[Site "?"]
[Date "2023.01.18"]
[Round "6.14"]
[White "Terhuven, Patrick"]
[Black "Pisk, Petr"]
[Result "1/2-1/2"]
[BlackElo "2305"]
[WhiteElo "2174"]
[LiveChessVersion "1.4.8"]

1. Nf3 {[%clk 1:30:57]} d6 {[%clk 1:29:26]} 2. d4 {[%clk 1:31:05]} g6
{[%clk 1:29:02]} 3. g3 {[%clk 1:31:00]} Bg7 {[%clk 1:28:15]} 4. Bg2
{[%clk 1:31:03]} Nd7 {[%clk 1:25:17]} 5. O-O {[%clk 1:30:45]} e5 {[%clk 1:25:35]}
6. c4 {[%clk 1:28:34]} Ne7 {[%clk 1:24:12]} 7. Nc3 {[%clk 1:27:41]} O-O
{[%clk 1:23:27]} 8. e4 {[%clk 1:26:31]} exd4 {[%clk 1:21:34]} 9. Nxd4
{[%clk 1:26:52]} Nc6 {[%clk 1:21:31]} 10. Be3 {[%clk 1:22:19]} Nde5
{[%clk 1:19:10]} 11. Nxc6 {[%clk 1:15:54]} bxc6 {[%clk 1:17:23]} 12. b3
{[%clk 1:02:43]} Bg4 {[%clk 1:12:56]} 13. Qc2 {[%clk 0:59:51]} Nf3+
{[%clk 1:00:40]} 14. Kh1 {[%clk 0:59:41]} Nd4 {[%clk 0:51:03]} 15. Qd3
{[%clk 0:52:44]} c5 {[%clk 0:50:19]} 16. h3 {[%clk 0:50:52]} Bd7 {[%clk 0:40:45]}
17. Rad1 {[%clk 0:49:20]} Rb8 {[%clk 0:32:46]} 18. Ne2 {[%clk 0:45:16]} Nxe2
{[%clk 0:26:27]} 19. Qxe2 {[%clk 0:45:37]} Qc8 {[%clk 0:22:58]} 20. Kh2
{[%clk 0:45:14]} Re8 {[%clk 0:23:13]} 21. Qc2 {[%clk 0:39:04]} a5
{[%clk 0:20:43]} 22. a4 {[%clk 0:35:55]} Bc6 {[%clk 0:20:38]} 23. Bd2
{[%clk 0:32:39]} Qa6 {[%clk 0:19:54]} 24. Rfe1 {[%clk 0:29:30]} Rb6
{[%clk 0:18:24]} 25. f3 {[%clk 0:24:18]} Reb8 {[%clk 0:11:35]} 26. Re3
{[%clk 0:23:20]} Qa8 {[%clk 0:07:03]} 27. Be1 {[%clk 0:23:06]} Bd4
{[%clk 0:06:01]} 28. Red3 {[%clk 0:23:22]} Qa6 {[%clk 0:03:39]} 29. Bd2
{[%clk 0:21:41]} Qa8 {[%clk 0:03:52]} 30. Be1 {[%clk 0:22:01]} 1/2-1/2

[Event "Marianske Lazne 2023"]
[Site "?"]
[Date "2023.01.18"]
[Round "6.15"]
[White "Pourquet, Matthieu"]
[Black "Plischki, Sebastian"]
[Result "1/2-1/2"]
[BlackElo "2331"]
[WhiteElo "2212"]
[LiveChessVersion "1.4.8"]

1. Nf3 {[%clk 1:30:26]} c5 {[%clk 1:30:33]} 2. c4 {[%clk 1:30:42]} Nc6
{[%clk 1:30:40]} 3. Nc3 {[%clk 1:27:43]} g6 {[%clk 1:30:25]} 4. e3
{[%clk 1:27:57]} Nf6 {[%clk 1:30:29]} 5. d4 {[%clk 1:28:21]} cxd4
{[%clk 1:30:54]} 6. exd4 {[%clk 1:28:46]} d5 {[%clk 1:31:16]} 7. cxd5
{[%clk 1:29:12]} Nxd5 {[%clk 1:31:37]} 8. Qb3 {[%clk 1:29:38]} Nxc3
{[%clk 1:31:57]} 9. Bc4 {[%clk 1:30:00]} e6 {[%clk 1:31:55]} 10. bxc3
{[%clk 1:30:26]} Bg7 {[%clk 1:32:12]} 11. Ba3 {[%clk 1:26:12]} Na5
{[%clk 1:31:52]} 12. Bb5+ {[%clk 1:23:37]} Bd7 {[%clk 1:32:15]} 13. Qa4
{[%clk 1:20:39]} Nc6 {[%clk 1:31:46]} 14. Qb3 {[%clk 1:18:14]} Ne7
{[%clk 1:25:03]} 15. Rb1 {[%clk 1:15:33]} b6 {[%clk 1:17:55]} 16. Be2
{[%clk 1:07:32]} O-O {[%clk 1:15:49]} 17. O-O {[%clk 1:05:25]} Bc6
{[%clk 1:13:07]} 18. Rbd1 {[%clk 0:56:45]} Qc7 {[%clk 1:09:34]} 19. c4
{[%clk 0:54:38]} Rfd8 {[%clk 1:07:47]} 20. Rfe1 {[%clk 0:54:35]} Bb7
{[%clk 1:00:04]} 21. Bf1 {[%clk 0:52:32]} Bf6 {[%clk 0:43:27]} 22. Bb2
{[%clk 0:34:49]} Rac8 {[%clk 0:39:46]} 23. Ne5 {[%clk 0:25:52]} Bg7
{[%clk 0:34:33]} 24. Qh3 {[%clk 0:21:02]} Nf5 {[%clk 0:22:53]} 25. Ba1
{[%clk 0:16:03]} Bxe5 {[%clk 0:19:37]} 26. dxe5 {[%clk 0:15:50]} Rxd1
{[%clk 0:20:01]} 27. Rxd1 {[%clk 0:16:17]} Rd8 {[%clk 0:20:25]} 28. Rxd8+
{[%clk 0:15:58]} Qxd8 {[%clk 0:20:50]} 29. Qd3 {[%clk 0:15:55]} Qg5
{[%clk 0:17:45]} 30. Bc3 {[%clk 0:15:36]} h5 {[%clk 0:13:46]} 31. Qd2
{[%clk 0:11:54]} Qe7 {[%clk 0:12:20]} 32. Bb4 {[%clk 0:06:56]} Qc7
{[%clk 0:12:12]} 33. Qc3 {[%clk 0:07:10]} a5 {[%clk 0:08:34]} 34. Ba3
{[%clk 0:07:14]} b5 {[%clk 0:08:58]} 35. Bd6 {[%clk 0:06:54]} Nxd6
{[%clk 0:06:13]} 36. exd6 {[%clk 0:07:20]} Qxd6 {[%clk 0:06:38]} 37. cxb5
{[%clk 0:07:45]} a4 {[%clk 0:04:53]} 38. a3 {[%clk 0:07:24]} Kf8 {[%clk 0:04:07]}
39. h3 {[%clk 0:04:04]} Bd5 {[%clk 0:03:29]} 40. Qe3 {[%clk 0:00:45]} Kg8
{[%clk 0:00:51]} 41. Be2 {[%clk 0:26:34]} Qc7 {[%clk 0:17:14]} 42. b6
{[%clk 0:20:16]} Qc2 {[%clk 0:12:16]} 43. Bf3 {[%clk 0:18:51]} Qb2
{[%clk 0:10:43]} 44. h4 {[%clk 0:10:56]} Kg7 {[%clk 0:08:13]} 45. Kh2
{[%clk 0:11:23]} Kh7 {[%clk 0:02:10]} 46. Kh3 {[%clk 0:10:20]} Kg7
{[%clk 0:02:06]} 47. Kh2 {[%clk 0:05:51]} Kh7 {[%clk 0:02:26]} 48. Kg3
{[%clk 0:03:12]} Kg7 {[%clk 0:02:41]} 49. Kh3 {[%clk 0:03:39]} Kh7
{[%clk 0:02:39]} 50. Kh2 {[%clk 0:04:06]} Kg7 {[%clk 0:02:53]} 51. Bxd5
{[%clk 0:04:16]} exd5 {[%clk 0:03:17]} 52. Qc5 {[%clk 0:03:45]} d4
{[%clk 0:02:27]} 53. Qe5+ {[%clk 0:04:09]} Kg8 {[%clk 0:01:17]} 54. Qe8+
{[%clk 0:04:31]} Kg7 {[%clk 0:01:41]} 55. Qe5+ {[%clk 0:04:58]} Kg8
{[%clk 0:02:07]} 56. Qf6 {[%clk 0:03:46]} Kf8 {[%clk 0:00:47]} 57. g3
{[%clk 0:02:42]} Kg8 {[%clk 0:00:40]} 58. Kg2 {[%clk 0:03:08]} Kf8
{[%clk 0:01:06]} 59. Qd6+ {[%clk 0:01:43]} Kg7 {[%clk 0:01:15]} 60. Qe5+
{[%clk 0:00:47]} Kg8 {[%clk 0:01:24]} 61. Qf6 {[%clk 0:00:40]} Kf8
{[%clk 0:01:48]} 62. Qd6+ {[%clk 0:00:40]} Kg7 {[%clk 0:02:09]} 63. Qe5+
{[%clk 0:00:48]} Kg8 {[%clk 0:02:15]} 64. Qf6 {[%clk 0:00:41]} Kf8
{[%clk 0:02:40]} 65. Qd8+ {[%clk 0:00:49]} Kg7 {[%clk 0:03:03]} 66. Qc7
{[%clk 0:01:01]} d3 {[%clk 0:03:17]} 67. b7 {[%clk 0:01:05]} d2 {[%clk 0:03:41]}
68. b8=Q {[%clk 0:01:24]} Qxb8 {[%clk 0:04:02]} 69. Qxb8 {[%clk 0:01:50]} 1/2-1/2